Zongos y borondongos /
Guardado en:
| Autor Principal: | |
|---|---|
| Otros Autores: | , |
| Formato: | Libro |
| Publicado: |
Buenos Aires :
Alfaguara,
1991
|
| Series: | Cuentijuegos
|
| Materias: | |
| Etiquetas: |
Agregar Etiqueta
Sin Etiquetas, Sea el primero en etiquetar este registro!
|
| LEADER | 01424nam a22002055a 4500 | ||
|---|---|---|---|
| 001 | CEM.cems010525 | ||
| 008 | 130507s1991##################000#0#####d | ||
| 005 | 20250515111840.0 | ||
| 245 | 1 | 0 | |a Zongos y borondongos / |c Laura Devetach y Laura Roldán ; ilustraciones Gustavo Roldán (h). |
| 260 | |a Buenos Aires : |b Alfaguara, |c 1991 | ||
| 300 | |a 38 p. | ||
| 440 | 0 | |a Cuentijuegos | |
| 505 | 0 | |a PARA HACER, CONSTRUIR, INVENTAR Y JUGAR -- Enigmas -- Curiosidad con números -- Con ojo y regla -- Asado con choclos -- La caja y la bestia -- A lengüetazos -- El juego de la payana, el inenti y dinenti -- Do, re, mi, fa, agua -- Bicho que muerde / Un juguete para el gato / Cada ojal en su botón -- PARA LEER, CONTAR, DECIR Y PENSAR -- Zongos y Borondongos -- El clavo de Teodoro -- Coplas dibujadas -- Compañero, ¿qué sabe tocaire? -- NOTICIAS, COMENTARIOS Y CURIOSIDADES -- La piedra azul -- Noticias de la perdiz -- El enigma de los tomates y las tortugas -- Historia de fumadores -- Escuela de pavos -- Huelga en casa -- JUEGOS DE PALABRAS -- Refranes enganchados / Canciones populares para jugar y cantar -- Cosas estrafalarias | |
| 020 | |a 9505115237 | ||
| 100 | 1 | |a Devetach, Laura | |
| 700 | 1 | |a Roldán, Laura | |
| 700 | 1 | |a Roldán, Gustavo; il. | |
| 653 | |a Nivel inicial-biblioteca | ||
| 859 | |a CEMS |b BIB. CEMS - Inicial y Primaria |h A863.4 |i D494-21 |k IP |p 3483 |t Ej.1 | ||
| 859 | |a CEMS |b BIB. CEMS - 11 de abril |h JARDIN |p 21065.00 |t Ej.1 | ||
